000 00712nam a2200217Ii 4500
003 JO-AjNU
008 230605s9999||||xx |||||||||||||| ||und||
017 _a2004/10/2601
040 _aJO-AjNU
_bara
_erda
_cJO-AjNU
041 _aara
050 1 4 _aBP166.89.L3276 2006
100 3 _aاللبدي، ردينة وصفي,
_eauthor
_915340
245 0 0 _aسبيل الناجين من كيد الشياطين
250 _aط1
264 3 1 _aعمان: دار الفرقان للنشر والتوزيع، 2004
300 _a175ص
336 _atext
_btxt
_2rdacontent
337 _aunmediated
_bn
_2rdamedia
338 _avolume
_bnc
_2rdacarrier
650 4 _aالثقافة الاسلامية- الاسلام
_915341
999 _aA4308
_c7876
_d7876